| 000 | 00504nam a2200157 4500 | ||
|---|---|---|---|
| 001 | 118212 | ||
| 003 | ES-MaACL | ||
| 005 | 20230906191044.0 | ||
| 007 | t| | ||
| 008 | 070214s1946 ag r ||||1| spa d | ||
| 100 | 1 |
_aPersegani, Primo. _991395 |
|
| 245 | 1 | 0 |
_aEstudio genético evolutivo de la medianería en general comparada al Derecho argentino / _cPrimo Persegani. |
| 260 |
_aBuenos Aires : _bBibliográfica Argentina, _c1946. |
||
| 300 |
_a444 p. ; _c23 cm. |
||
| 852 |
_aES-MaACL _jC-5459 _bR.25683 |
||
| 999 |
_c118212 _d118212 |
||